Plan Nacional de bienestar para todos 1978-1982: versión operativa

Presenta las acciones específicas del Plan Nacional de Desarrollo 1978-82, de El Salvador se fundamenta en los principios básicos del programa y presenta de manera esquemática sus elementos primordiales y actividades específicas, incluye una síntesis de la filosofía y modelo de desarrollo propuesto...

Fuld beskrivelse

Guardado en:
Bibliografiske detaljer
Institution som forfatter: El Salvador. Ministerio de Planificación y Coordinación del Desarrollo Económico y Social
Format: Texto
Udgivet: San Salvador: Ministerio de Planificación y Coordinación del Desarrollo Económico y Social
Fag:
Tags: Tilføj Tag
Ingen Tags, Vær først til at tagge denne postø!

MARC

LEADER 00000 a a2200000 04500
001 19652
003
040
090 |a 078500  
110 |a El Salvador. Ministerio de Planificación y Coordinación del Desarrollo Económico y Social  
245 |a Plan Nacional de bienestar para todos 1978-1982: versión operativa  
260 |a San Salvador:   |b Ministerio de Planificación y Coordinación del Desarrollo Económico y Social  
300 |a 126 p.  
520 |a Presenta las acciones específicas del Plan Nacional de Desarrollo 1978-82, de El Salvador se fundamenta en los principios básicos del programa y presenta de manera esquemática sus elementos primordiales y actividades específicas, incluye una síntesis de la filosofía y modelo de desarrollo propuesto de los grandes objetivos fijados y de los medios e instrumentos necesarios para cumplirlos./ALLV  
650 |a PLANES NACIONALES  
999 |c 5857  |d 5857